Just Dance 2024 Songlist - Statistics

General Stats
  • This quiz has been taken 66 times
    57 since last reset
  • The average score is 25 of 40
Answer Stats
Artist Song % Correct
Miley Cyrus Flowers
95%
BTS Butter
93%
The Pussycat Dolls ft. Busta Rhymes Don't Cha
80%
SZA Kill Bill
80%
Destiny's Child Survivor
78%
Britney Spears Gimme More
76%
Whitney Houston I Wanna Dance With Somebody
76%
Olivia Rodrigo Vampire
76%
Rema Calm Down
73%
Blackpink How You Like That
73%
Kelly Clarkson Stronger (What Doesn't Kill You)
71%
Zara Larsson Can't Tame Her
68%
David Guetta and Bebe Rexha I'm Good (Blue)
68%
Jain Makeba
68%
Jungkook ft. Latto Seven
68%
Bruno Mars Treasure
68%
Aurora Cure For Me
66%
Jamiroquai Canned Heat
63%
Sam Smith I'm Not Here to Make Friends
61%
Flume ft. kai Never Be Like You
61%
Little Mix Wasabi
61%
Billie Eilish You Should See Me In A Crown
61%
Banx & Ranx ft. Zach Zoya After Party
59%
Gloria Groove A Queda
59%
Ateez Say My Name
59%
Bad Bunny Tití Me Preguntó
59%
Sub Urban Cradles
56%
Rosalía Despechá
56%
Gloria Jones Tainted Love
56%
Fall Out Boy I Am My Own Muse
51%
Sofi Tukker ft. Kah-Lo Woof
51%
D Billions My Name Is
49%
Pyotr Ilyich Tchaikovsky Swan Lake
49%
Rêve Whitney
49%
Wet Leg Chaise Longue
44%
Awolnation Sail
41%
The Just Dance Orchestra A Night in the Château de Versailles
39%
The Sugar Hill Gang Rapper's Delight
37%
Andy Williams It's The Most Wonderful Time Of The Year
32%
Electra Light Orchestra Shine A Little Love
24%
No matching quizzes found
Score Distribution
Percent of People with Each Score
Percentile by Number Answered
Your Score History
You have not taken this quiz since the last reset